书目信息 |
| 题名: |
邓小平外交思想探究
|
|
| 作者: | 卫灵孙洁琬 | |
| 分册: | ||
| 出版信息: | 北京 中央文献出版社 2000 |
|
| 页数: | 344 | |
| 开本: | 20cm | |
| 丛书名: | ||
| 单 册: | ||
| 中图分类: | A76 | |
| 科图分类: | ||
| 主题词: | 毛泽东--生平事迹 , 毛泽东--传记 , 恩格斯--生平事迹 , 恩格斯--传记 , 列宁--生平事迹 , 马克思--生事迹 , 马克思--传记 , 列宁--传记 | |
| 电子资源: | ||
| ISBN: | 7-5073-0789-1 | |
| 000 | 00750nam0 2200265 450 | |
| 001 | 0735257515 | |
| 005 | 20070904094737.51 | |
| 010 | @a7-5073-0789-1@d26 | |
| 100 | @a20070904d km y0chiy0120 ea | |
| 101 | 0 | @achi |
| 200 | 1 | @a邓小平外交思想探究@Adeng xiao ping wai jiao si xiang tan jiu@f卫灵孙洁琬@Fwei ling sun jie wan |
| 210 | @a北京@c中央文献出版社@d2000 | |
| 215 | @a344@d20cm | |
| 606 | 0 | @a毛泽东@x生平事迹 |
| 606 | 0 | @a毛泽东@x传记 |
| 606 | 0 | @a恩格斯@x生平事迹 |
| 606 | 0 | @a恩格斯@x传记 |
| 606 | 0 | @a列宁@x生平事迹 |
| 606 | 0 | @a马克思@x生事迹 |
| 606 | 0 | @a马克思@x传记 |
| 606 | 0 | @a列宁@x传记 |
| 690 | @aA76@v3 | |
| 701 | 0 | @a卫灵孙洁琬@Awei ling sun jie wan |
| 801 | 0 | @aCN@bPFT@c20070904 |
| 905 | @a213230@dA76@ea16@f1 | |
| 邓小平外交思想探究/卫灵孙洁琬.-北京:中央文献出版社,2000 |
| 344;20cm |
| ISBN 7-5073-0789-1:26 |
| ● |
| 相关链接 |
|
|
|
|
正题名:邓小平外交思想探究
索取号:A76/a16
 
预约/预借
| 序号 | 登录号 | 条形码 | 馆藏地/架位号 | 状态 | 备注 |
| 1 | 7500192 | 275001926 | 史法系资料室/ [索取号:A76/a16] | 在馆 |